000 00267nam a2200109Ia 4500
008 190216s9999||||xx |||||||||||||| ||und||
100 _aSankara Pillai G
245 0 _aEadan Maranna Ezha
260 _bPoorna Pubs Kozhikode
650 _aMalayalam Nadakam
942 _cBK
999 _c26233
_d26233